00778nam a22002417a 4500003000400000005001700004008004100021010001300062020002300075035002300098037001600121040001500137082001700152100001800169245015200187260004100339270004300380300002700423500002000450650002400470650002600494700001600520dpl20180530142558.0180530b xxu||||| |||| 00| 0 eng d aA-701842 c350.00a8170994756 aA-701842, A-701844 bCen Lib/Ret aDPLbENc0 a352.054bMIS aMishra, S. N. aRoads to model panchayati Raj :cby S. N. Mishra [and] S. S. Singhbreview panchayati raj act in the context of 73rd constitutional amendment act / aNew DelhibMittal Publicationsc1993 bNew DelhiaA-110, Mohan Gardene110059 aviii, 282p. c22cm(Hb) aIncludes index  aIndian constitution aConstitution -- India aS. S. Singh